| 000 | 01521nam a2200361 a 4500 | ||
|---|---|---|---|
| 001 | 000007250 | ||
| 003 | DO-SdBNP | ||
| 005 | 20170925103727.0 | ||
| 007 | 000007250 | ||
| 008 | 090907s1992 dr 001 0 spa d | ||
| 040 |
_aBPMSU _bspa _cBPMSU |
||
| 082 | 4 |
_a306.461 _bB674e |
|
| 100 | 1 |
_aBogaert García, Humberto _d1953- |
|
| 245 | 1 | 0 |
_aEnfermedad mental, psicoterapia y cultura / _cHumberto Bogaert García. |
| 260 |
_aSanto Domingo : _bInstituto Tecnólogico de Santo Domingo, _c1992. |
||
| 300 |
_a239 p. ; _c23 cm. |
||
| 500 | _aIncluye datos bibligráficos del autor en la contrasolapa. | ||
| 504 | _aIncluye bibliografía y notas al pie de páginas. | ||
| 504 | _aBibliografía: p.227-239. | ||
| 505 | 0 |
_gPrefacio -- _tI.- Psicoanálisis : _tPsicoanálisis y hermenéutica -- _tLa Paranoia. Un enfoque psicoanalítico -- _tII.- Etnopsicología: _tLa posesión en la República Dominicana. Una investigación etnopsicológica -- _gApéndice -- _gBibliografía. |
|
| 650 | 4 | _aPSICOANÁLISIS Y CULTURA | |
| 650 | 4 | _aETNOPSICOLOGÍA | |
| 650 | 4 |
_aPSICOTERAPIA _xCASOS CLÍNICOS |
|
| 910 | _aValidado. Control de calidad EMS | ||
| 930 | 1 |
_lBND01 _mLF1 _h306.461 _820090907 _f04 _pHD _g3181 |
|
| 930 | 1 |
_lBND01 _mLF1 _h306.461 _820130314 _f04 _pHD _g3181 _he. 2 |
|
| 942 |
_2ddc _cBK |
||
| 945 | _aInventariado, 2017/MFF | ||
| 956 |
_aAVARGAS _b10 _c20090907 _lBND01 _h1250 |
||
| 956 |
_aVMATEO _b10 _c20090908 _lBND01 _h1011 |
||
| 956 |
_aEMARRERO _b40 _c20140512 _lBND01 _h2316 |
||
| 956 |
_aVMATEO _b10 _c201508 _lBPMSU _h00151 |
||
| 999 |
_c8048 _d8048 |
||